PULLING YOUR OWN STRINGS DYNAMIC TECHNIQ (Record no. 7921)

MARC details
000 -LEADER
fixed length control field 00347nam a2200133Ia 4500
008 - FIXED-LENGTH DATA ELEMENTS--GENERAL INFORMATION
fixed length control field 240624s9999 xx 000 0 und d
041 ## - LANGUAGE CODE
Language code of text/sound track or separate title eng
082 ## - DEWEY DECIMAL CLASSIFICATION NUMBER
Classification number 158.2 DYE
100 ## - MAIN ENTRY--PERSONAL NAME
Personal name DYER WAYNE W
245 ## - TITLE STATEMENT
Title PULLING YOUR OWN STRINGS DYNAMIC TECHNIQ
260 ## - PUBLICATION, DISTRIBUTION, ETC.
Date of publication, distribution, etc. 2001
Place of publication, distribution, etc. New York
Name of publisher, distributor, etc. Avon Books
300 ## - PHYSICAL DESCRIPTION
Extent xiv, : 293 : p. : cm. ; 16
365 ## - TRADE PRICE
Currency code RS
Price amount 35
Holdings
Withdrawn status Lost status Damaged status Not for loan Home library Current library Shelving location Date acquired Source of acquisition Cost, normal purchase price Full call number Barcode Date last seen Copy number Price effective from Koha item type
        IMTN IMTN Rack 1-B 01/03/2008 OSY 229.45 158.2 DYE 7921 06/24/2024 1 06/24/2024 Books
Designed & Maintained by: LRC IMT Nagpur Contact: lrc@imtnag.ac.in© 2024. All Rights Reserved.